00463nam a22001577a 450000500170000000800410001702000180005804100120007608200140008810000120010224500700011425000210018426000440020530000310024965000250028020241015083139.0241015b |||||||| |||| 00| 0 eng d a9781776173846 aEnglish a344.1 DUT lEnglish aLabour Relations Law : A comprehensive guide / cD di Toit et al. aSeventh Edition  aDurban: bLexisNexis (Pty) Ltd, c2023  bxxii, 1098 pages; c26 cm. aLegal practice bLaw